Sports Quiz

Random Sports Quiz

Never Been to a BCS Game Quiz Stats

 Plays Quiz not verified by Sporcle

Challenge
Share
Tweet
Embed
Score 0/25 Timer 04:00
0 Plays Today
Conference % Correct
ACCNorth Carolina
89.5%
Pac-10Arizona
88.8%
ACCDuke
87.3%
Big TenNorthwestern
86.7%
SECOle Miss
86.6%
Big TenIndiana
86.2%
Pac-10Arizona State
83.3%
Big 12Texas Tech
83%
Big TenMinnesota
81.4%
SECVanderbilt
81.3%
Big 12Baylor
81.3%
Big TenMichigan State
81.2%
Pac-10California
80.9%
Conference % Correct
SECMississippi State
80.3%
SECKentucky
79.9%
ACCVirginia
79.2%
Big 12Iowa State
78.7%
ACCNorth Carolina State
77.3%
SECSouth Carolina
77.3%
ACCBoston College
76.3%
Big 12Oklahoma State
75.5%
ACCClemson
74.7%
Big 12Missouri
72.7%
Big EastRutgers
70.8%
Big EastSouth Florida
62.3%

You're not logged in!

Compare scores with friends on all Sporcle quizzes.
OR
Log In

You Might Also Like...

Show Comments

Extras

Created Nov 12, 2009SourceReportNominate
Tags:BCS, conference, never, team

Top Quizzes Today


Score Distribution

Your Account Isn't Verified!

In order to create a playlist on Sporcle, you need to verify the email address you used during registration. Go to your Sporcle Settings to finish the process.

Report this User

Report this user for behavior that violates our Community Guidelines.

Details: